000 00410 a2200145 4500
005 20250623124033.0
020 _a0-07-010356-9
082 _aLM 621.402 CEN
100 _aCENGEL, Y. A.
245 _aThermodynamics : An Engineering Approach
260 _aNew York,
_bMcgraw-hill, Inc,
_c1989.
300 _axxiv, 867p.: Ill.; figures & table.
_bIndex
_c25cm.
700 _aBOLES, M. A.
942 _2ddc
_cBKS
999 _c4234
_d4234